000 00597nam a22002297a 4500
003 UA-OsUOA
001 30711
007 ta
008 20041112b un ||||| |||| 00| 0 ukr d
090 _a929+821
_bТ87
942 _cBK
040 _aUA-OsUOA
_brus
_cUA-OsUOA
_dUA-OsUOA
245 _aТургенев И. С.
_bВопросы биографии и творчества
_cРед. М. П.Алексеев
300 _a262 с.
955 _a0
041 _arus
080 _a929+821
260 _aЛенинград
_bНаука
_c1982
044 _aRU
650 7 _2UDC
999 _c317125
_d317125